000 00382 a2200169 4500
001 157181
020 _a8532252974
040 _cEscola São Tomás de Aquino
100 _aSILVA, Lúlia Queiroz
240 1 0 _aHitória de Minas Gerais
_lpor
245 1 0 _aHitória de Minas Gerais
300 _a16 p.
362 0 _a2004
440 1 _aFTD
697 _aHistória
942 _cBK
999 _c157181
_d157181